Thanh lọc giống/dòng hoa cúc ( Chrysanthemum sp.) chống chịu bệnh thối gốc do nấm Fusarium sp. : Luận văn thạc sĩ khoa học nông nghiệp chuyên ngành Bảo vệ thực vật

"Thanh lọc giống/dòng hoa cúc ( Chrysanthemum sp.) chống chịu bệnh thối gốc do nấm Fusarium sp" được thực hiện nhằm nghiên cứu xác định loài nấm Fusarium sp. gây bệnh thối gốc cây hoa cúc tại Tiền Giang; Đánh giá nhanh tính chống chịu hoạ...

Celý popis

Uloženo v:
Podrobná bibliografie
Hlavní autor: Lê, Nguyễn Lan Thanh
Médium: Kniha
Jazyk:Undetermined
Vydáno: Cần Thơ Trường Đại học Cần Thơ 2012
Témata:
Tagy: Přidat tag
Žádné tagy, Buďte první, kdo otaguje tento záznam!
Thư viện lưu trữ: Trung tâm Học liệu Trường Đại học Cần Thơ
LEADER 01460nam a2200229Ia 4500
001 CTU_177571
008 210402s9999 xx 000 0 und d
082 |a 632.4 
082 |b Th107 
088 |a 60620112 
100 |a Lê, Nguyễn Lan Thanh 
245 0 |a Thanh lọc giống/dòng hoa cúc ( Chrysanthemum sp.) chống chịu bệnh thối gốc do nấm Fusarium sp. : 
245 0 |b Luận văn thạc sĩ khoa học nông nghiệp chuyên ngành Bảo vệ thực vật 
245 0 |c Lê Nguyễn Lan Thanh ; Lê Thị Thu Hồng (Hướng dẫn khoa học) 
260 |a Cần Thơ 
260 |b Trường Đại học Cần Thơ 
260 |c 2012 
520 |a "Thanh lọc giống/dòng hoa cúc ( Chrysanthemum sp.) chống chịu bệnh thối gốc do nấm Fusarium sp" được thực hiện nhằm nghiên cứu xác định loài nấm Fusarium sp. gây bệnh thối gốc cây hoa cúc tại Tiền Giang; Đánh giá nhanh tính chống chịu hoặc mẫn cảm với acid fusaric trong điều kiện in vitro của bộ giống/dòng hoa cúc; và Chọn lọc in vitro giống/ dòng hoa cusc chống chịu acid fusaric. 
650 |a Mushrooms,Nấm 
650 |x Diseases and pests,Bệnh và côn trùng gây hại 
904 |i Hải 
980 |a Trung tâm Học liệu Trường Đại học Cần Thơ